[Event "Subang Jaya op 12th"]
[Site "Subang Jaya"]
[Date "2024.01.28"]
[Round "7"]
[White "Koong, Chun Hong"]
[Black "Looi, Zhi Ming"]
[Result "0-1"]
[WhiteElo "1433"]
[BlackElo "1267"]
[PlyCount "162"]
[EventDate "2024.01.27"]
[EventType "swiss"]
[EventRounds "8"]
[EventCountry "MAS"]
[SourceTitle "CBM 218 Extra"]
[Source "ChessBase"]
[SourceDate "2024.03.31"]
[SourceVersion "1"]
[SourceVersionDate "2024.03.31"]
[SourceQuality "1"]

1. Nf3 Nf6 2. b3 d5 3. Bb2 Bf5 4. e3 e6 5. Be2 Be7 6. 0-0 0-0 7. c4 c6 8. Nc3 Nbd7 9. d4 h6 10. Rc1 Ne4 11. Nxe4 Bxe4 12. Nd2 Bg6 13. c5 Qc7 14. Bf3 Rad8 15. e4 dxe4 16. Nxe4 Bxe4 17. Bxe4 Nxc5 18. Bb1 Nd7 19. d5 exd5 20. Qd3 g6 21. Qf3 Qd6 22. Rcd1 Bf6 23. Bc1 Bg7 24. Bf4 Qf6 25. Qg3 Rfe8 26. h3 Nc5 27. f3 Re2 28. b4 Ne6 29. Bc1 Qe5 30. f4 Qc3 31. Rf3 Qxb4 32. Bd3 Nd4 33. Rff1 Re6 34. f5 Ne2+ 35. Bxe2 Rxe2 36. fxg6 f6 37. Bf4 Rde8 38. Bd6 Qb6+ 39. Kh1 Qe3 40. Qg4 Qg5 41. Qxg5 hxg5 42. a3 R8e6 43. Bg3 Bf8 44. a4 Kg7 45. Rb1 b6 46. Bb8 Kxg6 47. Bxa7 Ra2 48. Bxb6 Rxa4 49. Rb2 Rae4 50. g3 Re1 51. Kg2 R6e2+ 52. Rf2 Rxf2+ 53. Kxf2 Rc1 54. Be3 Bc5 55. Bxc5 Rxc5 56. Re2 Kf5 57. Kf3 Rc3+ 58. Kg2 d4 59. Rf2+ Kg6 60. Rd2 c5 61. Kf2 Kf5 62. Kg2 d3 63. Kf3 c4 64. Ke3 Rc2 65. Rd1 Ke5 66. Ra1 Re2+ 67. Kf3 Kd4 68. Ra6 c3 69. Rd6+ Kc4 70. Rxf6 c2 71. Rc6+ Kd5 72. Rc3 Kd4 73. Rc8 Re1 74. Rd8+ Kc3 75. Rc8+ Kd2 76. Kg4 c1Q 77. Rxc1 Kxc1 78. Kxg5 d2 79. h4 d1Q 80. h5 Rg1 81. Kh4 Rh1+ 0-1

[Event "Subang Jaya op 12th"]
[Site "Subang Jaya"]
[Date "2024.01.27"]
[Round "2"]
[White "Looi, Zhi Ming"]
[Black "Ainul Fikri, Afeeq Harith"]
[Result "0-1"]
[WhiteElo "1267"]
[BlackElo "1453"]
[PlyCount "62"]
[EventDate "2024.01.27"]
[EventType "swiss"]
[EventRounds "8"]
[EventCountry "MAS"]
[SourceTitle "CBM 218 Extra"]
[Source "ChessBase"]
[SourceDate "2024.03.31"]
[SourceVersion "1"]
[SourceVersionDate "2024.03.31"]
[SourceQuality "1"]

1. e4 d6 2. d4 Nf6 3. Nc3 Nbd7 4. Nf3 e5 5. Bc4 h6 6. h3 Be7 7. Be3 c6 8. Bb3 Qc7 9. Qd2 a6 10. a3 Nf8 11. 0-0 g5 12. g4 Ng6 13. Rad1 Bd7 14. Rfe1 Rg8 15. Ba2 Nf4 16. Bxf4 gxf4 17. Kh2 Rg7 18. Rg1 0-0-0 19. g5 hxg5 20. Nxg5 Ng4+ 21. hxg4 Bxg5 22. f3 Rh8+ 23. Kg2 Bxg4 24. dxe5 dxe5 25. Rh1 Rhg8 26. Rdg1 Qe7 27. Na4 Be6 28. Bxe6+ Qxe6 29. b3 Bh4+ 30. Kf1 Rxg1+ 31. Rxg1 Qh3+ 0-1